Eastern Utah Libraries Catalog: Duchesne, Heber, Roosevelt, & Vernal

Anna Karenina (Record no. 275567)

MARC details
000 -LEADER
fixed length control field 02466ngm a2200685Ia 4500
001 - CONTROL NUMBER
control field ocm37596916
003 - CONTROL NUMBER IDENTIFIER
control field OCoLC
005 - DATE AND TIME OF LATEST TRANSACTION
control field 20200320185232.0
007 - PHYSICAL DESCRIPTION FIXED FIELD--GENERAL INFORMATION
fixed length control field vf cbaho|
008 - FIXED-LENGTH DATA ELEMENTS--GENERAL INFORMATION
fixed length control field 970910s1997 cau108 vleng d
019 ## -
-- 43473860
020 ## - INTERNATIONAL STANDARD BOOK NUMBER
International Standard Book Number 0790731614 :
Terms of availability $92.95
020 ## - INTERNATIONAL STANDARD BOOK NUMBER
International Standard Book Number 9780790731612
020 ## - INTERNATIONAL STANDARD BOOK NUMBER
International Standard Book Number 156278952X
020 ## - INTERNATIONAL STANDARD BOOK NUMBER
International Standard Book Number 9781562789527
020 ## - INTERNATIONAL STANDARD BOOK NUMBER
Terms of availability 15.95
024 1# - OTHER STANDARD IDENTIFIER
Standard number or code 8539153543
028 42 - PUBLISHER NUMBER
Publisher number 15354
Source Warner
029 1# - (OCLC)
OCLC library identifier AU@
System control number 000021521470
029 1# - (OCLC)
OCLC library identifier UNITY
System control number 026280353
029 1# - (OCLC)
OCLC library identifier LEICL
System control number BX00164772
035 ## - SYSTEM CONTROL NUMBER
System control number (OCoLC)37596916
Canceled/invalid control number (OCoLC)43473860
040 ## - CATALOGING SOURCE
Original cataloging agency OWL
Transcribing agency OWL
Modifying agency CNB
-- NRM
-- OCLCQ
-- OCLCG
-- STF
-- NJB
-- FAU
-- WAU
-- WACOL
041 1# - LANGUAGE CODE
Language code of text/sound track or separate title rus
Language code of original and/or intermediate translations of text eng
043 ## - GEOGRAPHIC AREA CODE
Geographic area code e-ur---
049 ## - LOCAL HOLDINGS (OCLC)
Holding library WACL
050 14 - LIBRARY OF CONGRESS CALL NUMBER
Classification number PN1997
Item number .A5 1997
082 04 - DEWEY DECIMAL CLASSIFICATION NUMBER
Classification number 791.4372
092 ## - LOCALLY ASSIGNED DEWEY CALL NUMBER (OCLC)
Classification number DVD
Item number Ann
245 00 - TITLE STATEMENT
Title Anna Karenina
Medium [videorecording] /
Statement of responsibility, etc Warner Bros. presents ; an Icon Production ; a film by Bernard Rose.
260 ## - PUBLICATION, DISTRIBUTION, ETC. (IMPRINT)
Place of publication, distribution, etc Burbank, CA :
Name of publisher, distributor, etc Warner Home Video,
Date of publication, distribution, etc c1997.
300 ## - PHYSICAL DESCRIPTION
Extent 1 videocassette :
Other physical details sd., col. ;
Dimensions 1/2 in.
538 ## - SYSTEM DETAILS NOTE
System details note VHS.
511 1# - PARTICIPANT OR PERFORMER NOTE
Participant or performer note Sophie Marceau, Sean Bean, Alfred Molina, Mia Kirshner, James Fox.
508 ## - CREATION/PRODUCTION CREDITS NOTE
Creation/production credits note Screenplay and direction by Bernard Rose ; Bruce Davey, producer ; Sir Georg Solti, music director ; based on the novel by Leo Tolstoy.
500 ## - GENERAL NOTE
General note Dolby surround.
500 ## - GENERAL NOTE
General note Closed captioned for the hearing impaired.
521 ## - TARGET AUDIENCE NOTE
Target audience note PG-13.
520 ## - SUMMARY, ETC.
Summary, etc Leo Tolstoy's novel of love in 1880s Imperial Russia.
546 ## - LANGUAGE NOTE
Language note In Russian with English subtitles.
650 #0 - SUBJECT ADDED ENTRY--TOPICAL TERM
Topical term or geographic name as entry element Feature films.
9 (RLIN) 5865291
650 #0 - SUBJECT ADDED ENTRY--TOPICAL TERM
Topical term or geographic name as entry element Adultery
Geographic subdivision Russia
Form subdivision Drama.
9 (RLIN) 5865292
651 #0 - SUBJECT ADDED ENTRY--GEOGRAPHIC NAME
Geographic name Russia
General subdivision Social life and customs
Chronological subdivision 1533-1917
Form subdivision Drama.
9 (RLIN) 5865293
650 #0 - SUBJECT ADDED ENTRY--TOPICAL TERM
Topical term or geographic name as entry element Films for the hearing impaired.
9 (RLIN) 82528
655 #7 - INDEX TERM--GENRE/FORM
Genre/form data or focus term Love stories.
Source of term gsafd
9 (RLIN) 5865294
655 #7 - INDEX TERM--GENRE/FORM
Genre/form data or focus term Drama.
Source of term mim
9 (RLIN) 5673873
655 #7 - INDEX TERM--GENRE/FORM
Genre/form data or focus term Features.
Source of term mim
9 (RLIN) 5690478
700 1# - ADDED ENTRY--PERSONAL NAME
Personal name Marceau, Sophie,
Dates associated with a name 1966-
9 (RLIN) 63376
700 1# - ADDED ENTRY--PERSONAL NAME
Personal name Rose, Bernard,
Dates associated with a name 1961-
9 (RLIN) 5865295
700 1# - ADDED ENTRY--PERSONAL NAME
Personal name Bean, Sean.
9 (RLIN) 62473
700 1# - ADDED ENTRY--PERSONAL NAME
Personal name Molina, Alfred,
Dates associated with a name 1953-
9 (RLIN) 38362
700 1# - ADDED ENTRY--PERSONAL NAME
Personal name Kirshner, Mia,
Dates associated with a name 1976-
9 (RLIN) 5778298
700 1# - ADDED ENTRY--PERSONAL NAME
Personal name Fox, James,
Dates associated with a name 1939-
9 (RLIN) 19286
700 1# - ADDED ENTRY--PERSONAL NAME
Personal name Tolstoy, Leo,
Titles and other words associated with a name graf,
Dates associated with a name 1828-1910.
Title of a work Anna Karenina.
9 (RLIN) 5722348
710 2# - ADDED ENTRY--CORPORATE NAME
Corporate name or jurisdiction name as entry element Warner Home Video (Firm)
9 (RLIN) 61103
942 ## - ADDED ENTRY ELEMENTS (KOHA)
Koha item type DVD
948 ## - LOCAL PROCESSING INFORMATION (OCLC); SERIES PART DESIGNATOR (RLIN)
Series part designator, SPT (RLIN) 07/15/2011
z (OCLC) Sirsi
994 ## -
-- 02
-- WACOL
996 ## -
-- 85057
-- 34301000995987
-- DVD
-- DVD
-- wcl
-- s
-- 37
-- 15.95
-- amazon
-- Ann
-- 07/15/2011
-- 03/17/2020
-- 03/13/2020
Holdings
Withdrawn status Lost status Source of classification or shelving scheme Damaged status Not for loan Collection code Home library Current library Shelving location Date acquired Source of acquisition Cost, normal purchase price Total Checkouts Total Renewals Full call number Barcode Date last seen Date checked out Cost, replacement price Price effective from Koha item type
    Dewey Decimal Classification     Movies Wasatch County Library Wasatch County Library Audio Visual Area 07/15/2011 Amazon 15.95 39 4 DVD Ann 34301000995987 04/18/2024 04/04/2024 15.95 03/20/2020 DVD
This project was made possible through a grant from the Institute of Museum and Library Service administered by the Utah State Library Division.

Wasatch County Library

  • 465 East 1200 South, Heber City, Utah 84032
  • Phone 435-654-1511 | Fax 435-654-6456

Hours

  • Monday - Friday 9:30 AM - 8:00 PM
  • Saturday 9:30 AM - 1:30 PM
  • Closed Sundays and Holidays